K INTERPRETÁCII LENINIZMU

Bibliographic Details
Main Authors: Uher, Ján, 1928-2003 (Author), R. (Author)
Format: Article
Language:Slovak

MARC

LEADER 00000nab a2200000 a 4500
001 vtls010702101
003 SK-MaSNL
005 20260304195144.0
008 250709s1970 xo |||||||||||||||||slo|
035 |a (urnnbn)urn:nbn:sk:snk:ar-a03pos 
035 |a (uuid)ac4dc104-84df-4d2d-b486-4aaa7e1604a5 
035 |a urn:nbn:sk:snk-ab37f3 
040 |a SNKBUCL  |b slo  |c SNKBUCL  |e AACR2 
041 0 |a slo 
044 |a xo  |c SK 
100 1 |a Uher, Ján,  |d 1928-2003  |4 aut  |9 208682 
245 1 0 |a K INTERPRETÁCII LENINIZMU  |c Ján Uher, R. 
700 1 |a R.  |4 aut  |9 636179 
773 0 |t Filozofia  |g Roč. 25, č. 6 (1970), s. 578-584 
850 |a Slovenská národná knižnica 
852 |a Slovenská národná knižnica 
954 |a odborná, vedecká literatúra pôvodná (slovenská)  |2 lita 
958 |a article1 
958 |a OND 
958 |a EUIPO 
999 |c 3079713  |d 3081643